| 000 -LEADER | |
|---|---|
| fixed length control field | 00357nam a22001337a 4500 |
| 020 ## - INTERNATIONAL STANDARD BOOK NUMBER | |
| ISBN | 818281032 |
| 050 ## - LIBRARY OF CONGRESS CALL NUMBER | |
| Classification number | HF5387 |
| 100 ## - MAIN ENTRY--AUTHOR NAME | |
| Personal name | Badi, Ravindranth V. |
| 245 ## - TITLE STATEMENT | |
| Title | Business ethics |
| 260 ## - PUBLICATION, DISTRIBUTION, ETC. (IMPRINT) | |
| Place of publication | Delhi |
| Name of publisher | Vrinda Publications (P) Ltd |
| Year of publication | 2005 |
| 300 ## - PHYSICAL DESCRIPTION | |
| Number of Pages | 499p. |
| Other physical details | xxviii, includes bibliographical references and index |
| 700 ## - ADDED ENTRY--PERSONAL NAME | |
| Personal name | Badi, Narayansa V. |
| 942 ## - ADDED ENTRY ELEMENTS (KOHA) | |
| Koha item type | Books |
| Koha item type | Collection code | Shelving location | Accession Number | Permanent Location | Current Location | Date acquired | Full call number |
|---|---|---|---|---|---|---|---|
| Books | Lending | Lending | 1758 | Chapman Library | Chapman Library | 2016-01-18 | HF5387bad |
| Books | Reference | Reference | 1759 | Chapman Library | Chapman Library | 2016-01-18 | HF5387bad |

